Technické pamiatky v európskych múzeách v prírode

Bibliographic Details
Main Author: Langer, Jiří, 1936- (Author)
Format: Article
Language:Slovak
ISBN:9788096855124
Subjects:

MARC

LEADER 00000naa a2200000 ar4500
001 vtls009941038
003 SK-MaSNL
005 20260302142400.0
008 090819|2006 xo |||||||||||1|| b|slo
015 |a SNBRA2009/08  |2 snkbucl 
038 |a SNKBUCL 
040 |a SNKBUCL  |b slo  |e AACR2  |c SNKBUCL 
041 0 |a slo 
044 |a xo  |c SK 
080 |a 904:664.71.05  |x (4)  |2 2001 
080 |a 069.5:664.71.05  |x (4)  |2 2001 
080 |a 664.71.05  |x (4)  |2 2001 
080 |a 069:72.031.4  |x (4)  |2 2001 
100 1 |a Langer, Jiří,  |d 1936-  |4 aut  |9 115984 
245 1 0 |a Technické pamiatky v európskych múzeách v prírode  |c Jiří Langer 
650 0 7 |a mlyny  |2 snkbucl  |9 29840 
650 0 7 |a historické mlyny  |2 snkbucl  |9 771102 
650 0 7 |a mlynské zariadenia  |2 snkbucl  |9 831116 
650 0 7 |a technické pamiatky  |2 snkbucl  |9 21763 
650 0 7 |a múzejné expozície  |2 snkbucl  |9 81737 
650 0 7 |a múzeá v prírode  |2 snkbucl  |9 59449 
651 7 |a Európa  |2 snkbucl  |9 167569 
655 7 |a referáty  |2 snkbucl  |9 70611 
773 0 |t Historické mlyny a mlynské zariadenia. Ich prezentácia v múzeách v prírode  |d Pribylina : Únia múzeí v prírode na Slovensku, 2006  |g S. 7-11  |z 9788096855124 
852 |a SNK  |b KIS3GCP 
999 |c 1339210  |d 1341140